Journal Socioterapie [vedecký časopis]

Saved in:
Bibliographic Details
Corporate Author: Prešovská univerzita v Prešove. Filozofická fakulta
Format: Serial
Language:English
Slovak
Published: Prešov Inštitút edukológie a sociálnej práce
Tags: Add Tag
No Tags, Be the first to tag this record!

MARC

LEADER 00000nas1a2200000 4500
001 0290988
005 20240417080452.3
022 |a 2644-5123 
022 |a 2453-7543 
041 0 |a eng 
041 0 |a slo 
044 |a SK 
245 1 0 |a Journal Socioterapie  |b [vedecký časopis] 
264 1 |a Prešov  |b Inštitút edukológie a sociálnej práce 
710 2 |a Prešovská univerzita v Prešove. Filozofická fakulta